00269nam a2200109Ia 4500008004100000100001700041245002800058260004200086300000900128942000700137999001500144190216s9999||||xx |||||||||||||| ||und|| aSrinivasan R 0aInternational Marketing bCalicut University Publicationsc2003 a184p cBK c6273d6273